Quizzes
Events
Quiz Creation
Community
Videos
Private Events
Remove Ads
Sign In
Join for FREE
Feedback
Dark Mode
Quiz Categories
Sports
Geography
Music
Movies
Television
Just For Fun
Miscellaneous
History
Literature
Language
Science
Gaming
Entertainment
Religion
Holiday
For Kids
Quiz Lab
Recent
Popular Today
Quiz Kudos Today
Editor Picks
Curator Picks
Quizzes by...
Day
Popularity
Type
Ratings
Length
Year
Community
Subscriptions
Recent Discussions
Orange Saloon
Badges
Playlists
Quests
Create
Leaderboards
Showdown
Live 5
Trivia Bingo
Activity
Puzzle Library
Sporcle Events
Private Events
Virtual Trivia
Globe League
Become a Host
Pub Owners
SporcleCon
Opinionation
Our Games
Videos
Blog
Mobile Apps
Partnerships
Remove Ads and Go Orange
Feedback
Gaming
Video Games
Board Games
Card Games
Pokémon
Mario
Nintendo
Minecraft
Console
Toys
Legend of Zelda
Gaming
Video Games
Board Games
Card Games
Pokémon
Mario
Nintendo
Minecraft
Console
Toys
Legend of Zelda
Random Quiz
Search Sporcle
×
Quiz Lab
Quiz Lab
Gaming
Pokémon
Type in answers that appear in a list
Type in answers that appear in a list
Classic
Best Score? Go Orange.
Pokemon by Pokedex Info Stats
Can you name the fifth generation Pokemon by their Pokedex information from the Pokemon White game?
By
Davidos
3m
14 Questions
148 Plays
148 Plays
148 Plays
Comments
Comments
Give Quiz Kudos
Give Quiz Kudos
-
- Ratings
hide this ad
More Info
Replay
Link that replays current quiz
Next Quiz
Link to next quiz in quiz playlist
You Got
0%
They Got
Avg Score
66%
Avg Friend Score
Upgrade to see
Score Distribution
Jump to the score distribution portion of the page
Score
0/14
Timer
03:00
0
Plays Today
Pokedex Information
Pokemon
% Correct
This Pokemon appears in legends. In its tail, it has a giant generator that creates electricity.
Zekrom
82.4%
It eats the dreams of people and Pokemon. When it eats a pleasant dream, it expels pink-
colored mist.
Munna
81.1%
For some reason, this Pokemon resembles a Poke Ball. They release poison spores to repel those who try to catch them.
Foongus
77.7%
Using their very hot, flame-
covered tongues, they burn through Durant's steel bodies and consume their insides.
Heatmor
76.4%
It moves along below the sand's surface, except for its nose and eyes. A dark membrane shields its eyes from the sun.
Sandile
75.7%
It makes a hole in a suitable rock. If that rock breaks, the Pokemon remains agitated until it locates a replacement.
Dwebble
72.3%
It conceals itself in the mud of the seashore. Then it waits. When prey touch it, it delivers a jolt of electricity.
Stunfisk
68.2%
Pokedex Information
Pokemon
% Correct
Extremely cautious, they take shifts to maintain watch of their nest. They feel insecure without a lookout.
Patrat
64.9%
These Pokemon prefer a tidy habitat. They are always sweeping and dusting, using their tails as brooms.
Minccino
62.2%
They attach themselves to large-
bodied Pokemon and absorb static electricity, which they store in an electric pouch.
Joltik
60.8%
This Pokemon formed from icicles bathed in energy from the morning sun. It sleeps buried in snow.
Vanillite
60.1%
It lives in the water and on land. It uses its long, sticky tongue to capture prey.
Palpitoad
54.1%
They photosynthesize by bathing their tails in sunlight. When they are not feeling well, their tails droop.
Snivy
46.6%
Highly aggressive, it uses the claws near its neck to dig into its opponents and poison them.
Scolipede
44.6%
Quiz Playlist
Details
Report
Send in Message
Add To Playlist
More Info:
This information is from the Pokemon White game.
Classic:
Type in answers that appear in a list
Last Updated: Feb 16, 2017
Quiz Scoreboard
CHALLENGE
Sign Up to Join the Scoreboard
Show All
Scores
Hide
Comments
May contain spoilers
Recently Published
Alphabetical 'K' Countries by Flag Minefield
by ylime102
Geography
3m
Pick 6: Fruits
by JohnFran
Miscellaneous
15s
Click the 1999 NBA Draft
by nibperrychub
Sports
2m
More to Explore
Quiz From the Vault
Featured Blog Post
15 Basketball Trivia Facts You Can Be March Mad About
hide this ad
You Might Also Like...
Tags
Pokémon Quiz
black
Character
Five
Generation
Monster
pocket
White
Today's Top Quizzes in Gaming
Browse Gaming
hide this ad
Today's Top Quizzes in Pokémon
Browse Pokémon
Top Contributed Quizzes in Gaming
1
Video Game Rainbow Blitz
2
Genshin Impact Logic Puzzle
3
Pokémon Gen IV Logic Puzzle (HARD)
4
Rainbow Six Siege Operators by Picture
5
Genshin Impact Logic Puzzle Quiz
6
Pokémon Logic Puzzle (DIFFICULT)
7
Ordering Roman Numerals: Pokémon
8
Magic: the Gathering Set Symbols - LCI
9
St. Patrick's Pick: Gaming
10
Wii Remote Buttons
Explore More
Trending Topics
Marvel
Anime
Disney
Crossword
NBA
Kpop
Harry Potter
Pokémon
Puzzle
Soccer
The Office
WWE
Country
Song
NFL
hide this ad
More By:
Davidos
Quiz
Plays
Rating
Category
Featured
Created
Pokémon Weaknesses with Booby Traps
678,942
3.72
Gaming
Aug 1, 2011
Click the Real Pokémon
308,789
3.44
Gaming
Apr 3, 2012
Harry Potter Characters in All Books
195,577
4.58
Literature
Aug 5, 2011
Clickable Generation 1 Pokémon
125,400
4.54
Gaming
Apr 22, 2012
SpongeBob or Patrick?
76,094
4.57
Television
Apr 21, 2012
Go to Creator's Profile
Score Distribution
Quiz Creator Spotlight
Davidos
Follow
Send a Message
Quizzes Created
-
Created Quiz Play Count
-
More By This Creator
Popular Quizzes Today
1
Find the US States - No Outlines Minefield
2
Pick 6: Fruits
3
Countries of Asia Without Outlines Minefield
4
Alphabetical 'K' Countries by Flag Minefield
5
Match the Book to the Film X
6
The Countries of the World
7
NBA Logic Puzzle
8
Click the 1999 NBA Draft
More Gaming Quizzes
Most Used Pokémon
Published
Trending Quizzes
First Name TV: Leading Men
Match the Book to the Film II
First Name TV: Leading Women Drama
Match the Book to the Film VI
Pick A Pair: Religious TV
Recently Updated
Women's Final Four Teams by Year
bhenderson79
Presidents Quartet II
eogle
Anything But Clue(do)
eogle
Anything But Oceanian Capitals
eogle
Anything But 7
eogle
Anything But Thing
eogle
Word Ladder: February 29
pecheneg
Song Title Questions
pecheneg
Women's NCAA Tournament #1 Seeds
pecheneg
Celebrity Mug Shots
pecheneg
Trending Topics
Disney
NBA
Kpop
Harry Potter
Anime
Marvel
Crossword
WWE
Country
Puzzle
Song
NFL
Pokémon
Soccer
The Office
Your Account Isn't Verified!
In order to create a playlist on Sporcle, you need to verify the email address you used during registration. Go to your
Sporcle Settings
to finish the process.
Report this User
Report this user for behavior that violates our
Community Guidelines
.
Details:
Send Report
Go to the Sporcle.com Mobile Site →
Comments